Normal view
MARC view
- Supervisor. Arshad Ali
Entry Personal Name
001 - CONTROL NUMBER
- control field: 126561
003 - CONTROL NUMBER IDENTIFIER
- control field: NUST
005 - DATE AND TIME OF LATEST TRANSACTION
- control field: 20241029105334.0
008 - FIXED-LENGTH DATA ELEMENTS
- fixed length control field: 241029|| aca||aabn | a|a d
040 ## - CATALOGING SOURCE
- Original cataloging agency: NUST
- Transcribing agency: NUST
100 ## - HEADING--PERSONAL NAME
- Personal name: Supervisor. Arshad Ali
670 ## - SOURCE DATA FOUND
- Source citation: Work cat.: (NUST)540605: Asif Ali, Syed 34721, Hospital Management System /, 2002.
